Maiores Cidades do Espírito Santo - Statistics

Estatísticas Gerais
  • Esse quiz foi jogado 1 338 vezes
  • A pontuação média é 10 de 20
Respostas no mapa
Respostas codificadas por cores de uma escala verde-vermelha no mapa do quiz de acordo com a % correta abaixo.
 
Estatísticas das Respostas
População Cidade % Correto
365.860 Vitória
100%
498.890 Vila Velha
91%
523.610 Serra
85%
371.700 Cariacica
73%
120.980 Guarapari
72%
152.010 Linhares
65%
102.850 São Mateus
60%
108.620 Colatina
58%
192.510 Cachoeiro de Itapemirim
57%
72.930 Viana
49%
90.020 Aracruz
45%
31.450 Marataízes
37%
33.780 Nova Venécia
32%
23.700 Castelo
27%
24.820 Conceição da Barra
25%
24.100 Baixo Guandu
19%
29.160 Barra de São Francisco
19%
25.030 Guaçuí
17%
24.450 Pedro Canário
17%
29.410 São Gabriel da Palha
17%
Nenhum quiz correspondente encontrado
Distribuição das Pontuações
Porcentagem de Pessoas com Cada Pontuação
Percentil de Números Respondidos
Sua Pontuação Histórica
Você não jogou esse quiz